000 01150nam a2200217Ia 4500
999 _c50852
_d50852
001 17807
003 GE_BSU
005 20200224152001.0
008 181216s1956en xx |||||||||||||| ||eng||
040 _cGE_BSU
041 _aeng
080 _a353.03(73) P-97
245 _aPublic papers of the presidents of the United States Dwight D. Eisenhower. 1956
_bContaining the Public Message, Speeches, and Statements of the President. January 1 to december 31, 1956
264 _aWashington :
_bUnited States government printing office,
_c1956.
300 _a1220 p.:
_bill ;
_c26 cm.
653 _aContaining the Public Message, Speeches, and Statements of the President. January 1 to december 31, 1956
653 _aPublic papers of the presidents of the United States Jimmy Carter 1980-81.
653 _aშეერთებული შტატების პრეზიდენტების დუაიტ დ ეიზენჰაუერის საჯარო ნაშრომები
653 _aსახელმწიფო ადმინისტრაციული მმართველობა
942 _cBK
_2udc